[Event "Open Semana Santa 2023"]
[Site "?"]
[Date "2023.04.05"]
[Round "1.65"]
[White "WIM Kamalidenova, Meruert"]
[Black "Diez Machin, Vicente"]
[Result "1-0"]
[WhiteElo "2342"]
[BlackElo "1761"]
[PlyCount "63"]
[EventDate "2023.??.??"]

1. e4 c5 2. Nf3 e6 3. d4 cxd4 4. Nxd4 Nc6 5. Nc3 Qc7 6. g4 a6 7. Be3 Qb8 8. Qd2
Bd6 9. O-O-O Nxd4 10. Qxd4 Be5 11. Qd2 Qc7 12. Na4 b5 13. Nb6 Rb8 14. f4 Bf6
15. Nxc8 Rxc8 16. e5 Be7 17. Bb6 Qb7 18. Bg2 Rc6 19. Bxc6 Qxc6 20. Be3 b4 21.
Kb1 a5 22. f5 f6 23. fxe6 dxe6 24. Rhf1 a4 25. Bd4 b3 26. cxb3 axb3 27. axb3
fxe5 28. Bxe5 Nf6 29. Bxf6 gxf6 30. Qc3 Qe4+ 31. Qc2 Qb7 32. Rfe1 1-0

[Event "Open Semana Santa 2023"]
[Site "?"]
[Date "2023.04.05"]
[Round "1.66"]
[White "Sivanandan, Bodhana"]
[Black "IM Cruz, Jonathan"]
[Result "0-1"]
[WhiteElo "1746"]
[BlackElo "2340"]
[PlyCount "90"]

1. e4 e5 2. Nf3 Nc6 3. Nc3 Be7 4. d4 exd4 5. Nxd4 Bf6 6. Be3 Nge7 7. Bc4 O-O 8.
O-O Na5 9. Bb3 Nxb3 10. axb3 d5 11. exd5 Nxd5 12. Nxd5 Qxd5 13. c3 b6 14. Qf3
Qxf3 15. Nxf3 c5 16. Nd2 Bf5 17. Rfe1 Rfd8 18. f3 h5 19. Kf2 Bd3 20. Ne4 Be7
21. g3 f6 22. h4 Kf7 23. Bf4 Rd7 24. g4 hxg4 25. fxg4 Bc2 26. Nd2 Rad8 27. Re2
Bd3 28. Ree1 Bb5 29. Rad1 c4 30. g5 cxb3 31. Be3 Bc5 32. Kf3 Bxe3 33. Kxe3 Rd3+
34. Kf4 Rxd2 35. Rxd2 Rxd2 36. h5 fxg5+ 37. Kxg5 Rxb2 38. Re5 Bd3 39. Rd5 Rg2+
40. Kf4 b2 41. Rxd3 b1=Q 42. Rd7+ Ke6 43. Rxa7 Qf5+ 44. Ke3 Qh3+ 45. Ke4 Rg4#
0-1

[Event "Open Semana Santa 2023"]
[Site "?"]
[Date "2023.04.05"]
[Round "1.67"]
[White "IM Lammers, Markus"]
[Black "Tudela Gonzalez, Victor"]
[Result "1-0"]
[WhiteElo "2338"]
[BlackElo "2094"]
[PlyCount "73"]

1. Nf3 Nf6 2. c4 g6 3. d4 Bg7 4. g3 d6 5. Bg2 O-O 6. O-O Nbd7 7. Nc3 e5 8. e4
exd4 9. Nxd4 Re8 10. h3 a6 11. Re1 Rb8 12. a4 Ne5 13. b3 c5 14. Nc2 Nc6 15. Bb2
Nh5 16. Rb1 Be6 17. Qd2 Qa5 18. Re2 Qc7 19. g4 Nf6 20. Nd5 Bxd5 21. cxd5 Ne5
22. f4 Ned7 23. e5 dxe5 24. fxe5 Nxg4 25. d6 Qb6 26. hxg4 Nxe5 27. Rbe1 Nf3+
28. Bxf3 Rxe2 29. Rxe2 Bxb2 30. d7 Kg7 31. Re8 Rd8 32. Kg2 Bf6 33. g5 Bb2 34.
Ne3 Ba1 35. Nc4 Qc7 36. Qe1 Bd4 37. Qe7 1-0

[Event "Open Semana Santa 2023"]
[Site "?"]
[Date "2023.04.05"]
[Round "1.68"]
[White "Olivares Romero, Sara"]
[Black "FM Domingo Nunez, Alejandro"]
[Result "0-1"]
[WhiteElo "1743"]
[BlackElo "2335"]
[PlyCount "132"]

1. e4 c5 2. Nf3 Nc6 3. c3 d5 4. exd5 Qxd5 5. d4 Bf5 6. Be2 cxd4 7. cxd4 Bxb1 8.
Rxb1 e6 9. a3 Nf6 10. O-O Be7 11. h3 O-O 12. Be3 Rfd8 13. Qa4 a6 14. b4 b5 15.
Qd1 Ne4 16. Rb3 Bf6 17. Rd3 a5 18. bxa5 Nxa5 19. Nd2 Nxd2 20. Qxd2 Nc4 21. Qb4
Ra4 22. Bf3 Qf5 23. Qb1 Nxa3 24. Qd1 Nc4 25. Qe2 e5 26. Bg4 Ra2 27. Qxa2 Qxd3
28. Be2 Qe4 29. Bxc4 bxc4 30. Qxc4 exd4 31. Rd1 h6 32. Bc1 Rb8 33. Ba3 Rb1 34.
Rxb1 Qxb1+ 35. Kh2 Be5+ 36. g3 Qf5 37. Kg2 Qe4+ 38. Kg1 Qf3 39. Bb2 h5 40. h4
Kh7 41. Qa4 Qd5 42. Qd1 g6 43. Qd3 Bg7 44. Ba1 Qa2 45. Qd1 Qc4 46. Kg2 d3 47.
Bxg7 Kxg7 48. Qd2 Qc6+ 49. Kh2 Qd5 50. Qc3+ Kh7 51. Qd2 Qf3 52. Qa2 Kg8 53. Kg1
Qe4 54. Qa5 Qd4 55. Qd2 Qd5 56. Kh2 Kf8 57. Qb4+ Ke8 58. Qb8+ Kd7 59. Qa7+ Kd6
60. Qb6+ Kd7 61. Qa7+ Kc6 62. Qa4+ Kc5 63. Qa7+ Kb4 64. Qb8+ Kc3 65. Qc7+ Qc4
66. Qa5+ Kc2 0-1

[Event "Open Semana Santa 2023"]
[Site "?"]
[Date "2023.04.05"]
[Round "1.69"]
[White "IM Granero Roca, Antonio"]
[Black "Rubial Blanco, Heriberto"]
[Result "1-0"]
[WhiteElo "2334"]
[BlackElo "1740"]
[PlyCount "37"]

1. d4 d5 2. c4 e6 3. Nf3 Nf6 4. Nc3 Be7 5. Bg5 O-O 6. e3 h6 7. Bh4 Ne4 8. Bxe7
Qxe7 9. Rc1 c6 10. Qc2 Nxc3 11. Qxc3 Nd7 12. Bd3 b6 13. cxd5 cxd5 14. O-O Nf6
15. Qc7 Qb4 16. Ne5 Qxb2 17. Qc6 Rb8 18. Qd6 Bb7 19. Rc2 1-0

[Event "Open Semana Santa 2023"]
[Site "?"]
[Date "2023.04.05"]
[Round "1.70"]
[White "Bartolome Benito, Alejandro"]
[Black "WGM Alinasab, Mobina"]
[Result "0-1"]
[WhiteElo "1739"]
[BlackElo "2334"]
[Annotator "Usuario"]
[PlyCount "90"]
[EventDate "2023.??.??"]

1. e4 c5 2. Nf3 d6 3. d4 cxd4 4. Nxd4 Nf6 5. Nc3 a6 6. Bc4 e6 7. Bb3 b5 8. O-O
Be7 9. Re1 O-O 10. Qf3 Qb6 11. Be3 Qb7 12. Bg5 Nbd7 13. Rad1 Nc5 14. e5 Qxf3
15. Nxf3 dxe5 16. Nxe5 Bb7 17. f3 h6 18. Bh4 g5 19. Bg3 Rfd8 20. Ne2 Rac8 21.
c3 Nxb3 22. axb3 Bd5 23. Nd4 Nd7 24. Nxd7 Rxd7 25. b4 Ra8 26. Ra1 $11 Bd8 27.
Kf2 Bb6 28. Be5 Kh7 29. Red1 Kg6 30. Ke1 Rdd8 31. Bg3 e5 32. Ne2 f6 33. Bf2 Bc7
34. Bc5 Bb7 35. Ng3 Rxd1+ 36. Rxd1 Rd8 37. Ne4 Rxd1+ 38. Kxd1 f5 39. Nd6 Bc6
40. Ke2 Kf6 41. Kd3 Ke6 42. Nc8 e4+ 43. Ke2 exf3+ 44. gxf3 Bxh2 45. Nb6 g4 0-1

[Event "Open Semana Santa 2023"]
[Site "?"]
[Date "2023.04.05"]
[Round "1.71"]
[White "FM Martin Carmona, Gaston Manuel"]
[Black "Zotes Flecha, Luis"]
[Result "1-0"]
[WhiteElo "2333"]
[BlackElo "1737"]
[PlyCount "83"]

1. e4 g6 2. d4 Bg7 3. Nf3 d6 4. Bd3 a6 5. a4 Nf6 6. O-O O-O 7. Nbd2 c6 8. a5
Nbd7 9. h3 e5 10. dxe5 Nxe5 11. Nxe5 dxe5 12. Nc4 Qc7 13. Nb6 Rb8 14. Nxc8
Rbxc8 15. Qf3 Nh5 16. g3 c5 17. Bc4 Kh8 18. Bg5 f5 19. exf5 Rxf5 20. Qg4 Nf6
21. Bxf6 Rxf6 22. c3 h5 23. Qe4 Rcf8 24. b3 Qd7 25. Kg2 Qd2 26. Qe1 Qxe1 27.
Raxe1 Rf3 28. Re2 e4 29. Rxe4 Bxc3 30. Bd5 R3f6 31. Bxb7 Bxa5 32. Re2 Bc3 33.
Bd5 Bd4 34. h4 a5 35. f4 Rd6 36. Bc4 Bc3 37. Rf3 Bb4 38. Re7 Rd2+ 39. Kh3 Rd6
40. Rfe3 Bd2 41. R3e5 Bb4 42. Ra7 1-0

[Event "Open Semana Santa 2023"]
[Site "?"]
[Date "2023.04.05"]
[Round "1.72"]
[White "Alvarez Poves, Jesus"]
[Black "FM Guerrero Vargas, Andres Jesus"]
[Result "0-1"]
[WhiteElo "1735"]
[BlackElo "2328"]
[PlyCount "48"]

1. e4 c5 2. Nc3 Nc6 3. Bb5 Nd4 4. Nf3 e6 5. O-O a6 6. Bd3 Nc6 7. Re1 Qc7 8. a4
Nge7 9. g3 Ng6 10. Bf1 Be7 11. d3 d6 12. Bg2 Rb8 13. Ne2 O-O 14. h4 Nge5 15.
Nf4 Bd7 16. Bh3 c4 17. Ng5 Bxg5 18. hxg5 Nd4 19. Be3 Ndf3+ 20. Kg2 cxd3 21. g6
dxc2 22. Qc1 hxg6 23. Rh1 Qc4 24. Nd5 exd5 0-1

[Event "Open Semana Santa 2023"]
[Site "?"]
[Date "2023.04.05"]
[Round "1.73"]
[White "FM Fiedorek, Michal"]
[Black "Romero Garcia, Jose Luis"]
[Result "1-0"]
[WhiteElo "2328"]
[BlackElo "1733"]
[PlyCount "61"]

1. e4 e5 2. Nf3 Nc6 3. Bb5 a6 4. Ba4 b5 5. Bb3 Be7 6. O-O Nf6 7. Re1 O-O 8. a4
Bb7 9. c3 d6 10. d4 exd4 11. cxd4 d5 12. e5 Ne4 13. Nbd2 Nb4 14. Nf1 c5 15.
dxc5 Nxc5 16. Nd4 Nbd3 17. Re2 Nxb3 18. Qxb3 Nxc1 19. Rxc1 Qb6 20. Nf5 Rfe8 21.
Nd2 Qg6 22. Nd4 Rac8 23. Rd1 Bc5 24. N2f3 Bxd4 25. Nxd4 Rc4 26. axb5 Qh5 27.
Ree1 Rxe5 28. bxa6 Bc8 29. a7 Qxd1 30. Qxd1 Rxd4 31. a8=Q 1-0

[Event "Open Semana Santa 2023"]
[Site "?"]
[Date "2023.04.16"]
[Round "1.74"]
[White "Garcia Vives, Joan"]
[Black "FM Diaz Velandia, Jose Manuel"]
[Result "0-1"]
[WhiteElo "1731"]
[BlackElo "2318"]
[PlyCount "72"]

1. e4 a6 2. d4 b5 3. Bd3 Bb7 4. Bf4 e6 5. c3 c5 6. Nf3 Nf6 7. Nbd2 d5 8. exd5
Nxd5 9. Bg3 Nc6 10. dxc5 Nxc3 11. Qc2 Nb4 12. Qxc3 Nxd3+ 13. Ke2 Nxc5 14. Rhd1
Na4 15. Qb3 Bd5 16. Qc2 Rc8 17. Qb1 Bd6 18. Bxd6 Qxd6 19. Ne4 Qc6 20. Rc1 Qxc1
21. Qxc1 Rxc1 22. Rxc1 O-O 23. b3 Bxe4 24. bxa4 Bd5 25. axb5 axb5 26. Rb1 Bxa2
27. Rb4 Bd5 28. g3 Bxf3+ 29. Kxf3 Rb8 30. Ke4 Kf8 31. Kd4 Ke7 32. Kc5 Kf6 33.
Rxb5 Rxb5+ 34. Kxb5 Ke5 35. Kc4 Ke4 36. f4 f6 0-1

[Event "Open Semana Santa 2023"]
[Site "?"]
[Date "2023.04.05"]
[Round "1.75"]
[White "FM Cesar Maestre, Bernardo"]
[Black "Sanfelix Dominguez, Juan Vicente"]
[Result "1-0"]
[WhiteElo "2317"]
[BlackElo "1730"]
[PlyCount "35"]

1. d4 e5 2. dxe5 Nc6 3. Nf3 Qe7 4. Nc3 Nxe5 5. e4 d6 6. Be2 Nf6 7. O-O Be6 8.
Nd4 g6 9. f4 Nc6 10. f5 gxf5 11. Nxc6 bxc6 12. exf5 Bd5 13. Nxd5 Nxd5 14. Bf3
Kd7 15. Bxd5 cxd5 16. Qxd5 Bg7 17. f6 Bxf6 18. Qf5+ 1-0

[Event "Open Semana Santa 2023"]
[Site "?"]
[Date "2023.04.05"]
[Round "1.76"]
[White "Campos Busquiel, Alejandro"]
[Black "FM Neagu, Roberto Florin"]
[Result "0-1"]
[WhiteElo "1730"]
[BlackElo "2314"]
[PlyCount "68"]

1. d4 Nf6 2. Bf4 d5 3. e3 g6 4. Nf3 Bg7 5. Nbd2 O-O 6. h4 Bg4 7. Be2 c5 8. c3
Nc6 9. Ne5 Bxe2 10. Qxe2 Nd7 11. h5 Ndxe5 12. dxe5 Nxe5 13. hxg6 fxg6 14. Bxe5
Bxe5 15. Nf3 Bf6 16. O-O-O Qd6 17. Rh3 Qc6 18. Rdh1 Rf7 19. Nh2 d4 20. Ng4 Bg5
21. cxd4 cxd4+ 22. Kb1 Rc8 23. f4 Bxf4 24. e4 h5 25. Nf2 Be3 26. Nd3 Qxe4 27.
Ka1 Qc6 28. Rxh5 gxh5 29. Qxh5 Bh6 30. Qg4+ Kh7 31. Qh5 Rf6 32. g4 Qf3 33. Re1
Qxd3 34. g5 Qe3 0-1

[Event "Open Semana Santa 2023"]
[Site "?"]
[Date "2023.04.05"]
[Round "1.77"]
[White "FM Sinz, Bernhard"]
[Black "Lacaci Otero, Ivan"]
[Result "1-0"]
[WhiteElo "2313"]
[BlackElo "1727"]
[PlyCount "43"]

1. d4 g6 2. e4 Bg7 3. Nf3 d6 4. Bc4 e6 5. Bb3 a6 6. O-O Ne7 7. Re1 O-O 8. Nbd2
b5 9. Nf1 Nd7 10. Ng3 c5 11. c3 Bb7 12. h4 cxd4 13. cxd4 h5 14. a4 Nb6 15. Ng5
Nc4 16. Nxh5 Bxd4 17. Qxd4 gxh5 18. Qd1 Ng6 19. Qxh5 Kg7 20. Qh7+ Kf6 21. Nxf7
Rxf7 22. Bg5+ 1-0

[Event "Open Semana Santa 2023"]
[Site "?"]
[Date "2023.04.05"]
[Round "1.78"]
[White "Kyriakidis, Orestis"]
[Black "FM Luque Saiz, Andres"]
[Result "0-1"]
[WhiteElo "1727"]
[BlackElo "2309"]
[PlyCount "88"]

1. d4 d5 2. Nf3 Nf6 3. g3 Nbd7 4. b3 e6 5. Bb2 Bb4+ 6. c3 Bd6 7. Bg2 Ne4 8.
Nbd2 f5 9. c4 O-O 10. O-O b6 11. Ne5 Nxe5 12. dxe5 Bc5 13. Qc2 Qe7 14. cxd5
exd5 15. Nxe4 fxe4 16. b4 Bxb4 17. Qc6 Be6 18. f4 Qc5+ 19. Qxc5 Bxc5+ 20. Kh1
Bg4 21. Rfd1 Rad8 22. Rd2 Be3 23. Rc2 c5 24. Bc1 Bd4 25. Bb2 Be3 26. Bc1 Bxc1
27. Raxc1 e3 28. h3 Be6 29. Rf1 h5 30. Kh2 g6 31. Rc3 d4 32. Ra3 a5 33. Be4 Kg7
34. Rb1 Rb8 35. Bf3 c4 36. g4 hxg4 37. hxg4 Rxf4 38. Rxa5 bxa5 39. Rxb8 Rxf3
40. exf3 e2 41. Rb7+ Kh6 42. Rb1 d3 43. Kg3 d2 44. Kf2 d1=Q 0-1

[Event "Open Semana Santa 2023"]
[Site "?"]
[Date "2023.04.05"]
[Round "1.79"]
[White "FM Mingarro Carceller, Sergi"]
[Black "Ruiz De Leon Merlo, Esther"]
[Result "0-1"]
[WhiteElo "2308"]
[BlackElo "1721"]
[PlyCount "30"]

1. e4 e5 2. Nf3 Nf6 3. d4 Nxe4 4. Bd3 d5 5. Nxe5 Be7 6. Nd2 Nxd2 7. Bxd2 Nd7 8.
Qh5 Nxe5 9. dxe5 Be6 10. O-O Qd7 11. a4 Bg4 12. Qxh7 Rxh7 13. Bxh7 g6 14. f3
Bf5 15. g4 Bxg4 0-1

[Event "Open Semana Santa 2023"]
[Site "?"]
[Date "2023.04.05"]
[Round "1.80"]
[White "Molina Ortega, Carlos"]
[Black "FM Gavarrete, Nahun"]
[Result "0-1"]
[WhiteElo "1718"]
[BlackElo "2303"]
[PlyCount "74"]
[EventDate "2023.??.??"]

1. e4 c5 2. Nf3 Nc6 3. d4 cxd4 4. Nxd4 Nf6 5. Nc3 e6 6. Bg5 d6 7. Qd2 a6 8. f3
h6 9. Be3 d5 10. exd5 Nxd5 11. Nxd5 Qxd5 12. Nxc6 Qxc6 13. O-O-O Be7 14. Bd3
Bd7 15. Be4 Qb5 16. Kb1 Bc6 17. Bd3 Qa4 18. Qf2 O-O 19. Bd4 Rfd8 20. Bc3 Bh4
21. Qe3 Rd7 22. Rhf1 Rad8 23. g3 Be7 24. f4 Be4 25. Qe2 Bxd3 26. cxd3 Qb5 27.
Qg4 g6 28. Qh3 Rxd3 29. Rc1 Ba3 30. Qh4 g5 31. Qxh6 Rxc3 32. Qxg5+ Qxg5 33.
fxg5 Rxc1+ 34. Rxc1 Bd6 35. Rc3 Kg7 36. Re3 b5 37. Rf3 Be7 0-1

[Event "Open Semana Santa 2023"]
[Site "?"]
[Date "2023.04.05"]
[Round "1.81"]
[White "FM Garrido Diaz, Jose Antonio"]
[Black "Debbeler, Adrian"]
[Result "1-0"]
[WhiteElo "2302"]
[BlackElo "1709"]
[PlyCount "83"]

1. Nf3 d5 2. b3 Nf6 3. Bb2 c5 4. e3 Bg4 5. h3 Bh5 6. Bb5+ Nc6 7. g4 Bg6 8. Ne5
Qc7 9. h4 h6 10. Nxg6 fxg6 11. f4 O-O-O 12. Qf3 Nb4 13. Na3 e6 14. Bf1 Ne4 15.
d3 Qa5 16. c3 Nxc3 17. Bxc3 Qxa3 18. Qe2 Rd7 19. Bh3 Qa6 20. Bxb4 cxb4 21. g5
hxg5 22. hxg5 Kb8 23. Rc1 Be7 24. Kf2 Qd6 25. Qg4 d4 26. Qxe6 dxe3+ 27. Qxe3
Rc7 28. Kg3 Rc3 29. Rxc3 bxc3 30. Rf1 Bxg5 31. Qe4 Bf6 32. Bg2 Qb6 33. Bf3 Bh4+
34. Kg2 c2 35. d4 Rc8 36. Rc1 Bf6 37. Rxc2 Rxc2+ 38. Qxc2 Qxd4 39. Qxg6 Qd2+
40. Kh3 Qd7+ 41. Bg4 Qd3+ 42. Qxd3 1-0

[Event "Open Semana Santa 2023"]
[Site "?"]
[Date "2023.04.05"]
[Round "1.82"]
[White "Aura, Daniel"]
[Black "FM Karthik Rajaa"]
[Result "0-1"]
[WhiteElo "1708"]
[BlackElo "2302"]
[PlyCount "106"]
[EventDate "2023.??.??"]

1. e4 c6 2. d4 d5 3. e5 c5 4. dxc5 e6 5. a3 Bxc5 6. b4 Be7 7. Nf3 f6 8. Bb2 Nd7
9. c4 Nxe5 10. Nxe5 fxe5 11. cxd5 Nf6 12. Bxe5 exd5 13. Bb5+ Bd7 14. Bxd7+ Qxd7
15. O-O O-O 16. Nd2 a5 17. Rb1 axb4 18. axb4 Ra4 19. b5 Rb4 20. Qe2 Rxb1 21.
Rxb1 Bc5 22. Nb3 Qf5 23. Rf1 Bb6 24. Bd4 Bc7 25. h3 Re8 26. Qd1 Qf4 27. g3 Qf5
28. Kg2 Ne4 29. Qf3 Qd7 30. Qd3 Ng5 31. Rh1 Qf7 32. h4 Ne6 33. Be3 d4 34. Nxd4
Rd8 35. Qe4 Nxd4 36. Bxd4 Qc4 37. Rd1 Bb6 38. Qxb7 Bxd4 39. b6 Bxb6 40. Rxd8+
Bxd8 41. Qd7 Qe4+ 42. Kh2 Qe7 43. Qxe7 Bxe7 44. Kh3 Kf7 45. Kg4 Ke6 46. f4 Kd5
47. Kf5 g6+ 48. Kg4 Ke4 49. h5 Bd8 50. Kh3 Kf3 51. Kh2 Kg4 52. hxg6 hxg6 53.
Kg2 Bb6 0-1

[Event "Open Semana Santa 2023"]
[Site "?"]
[Date "2023.04.05"]
[Round "1.83"]
[White "Sismeiro, Miguel"]
[Black "Palacios Sanchez, Victor"]
[Result "1-0"]
[WhiteElo "2301"]
[BlackElo "1704"]
[PlyCount "79"]
[EventDate "2023.??.??"]

1. e4 c5 2. Nf3 e6 3. d4 cxd4 4. Nxd4 Nf6 5. Nc3 Nc6 6. Ndb5 Bb4 7. a3 Bxc3+ 8.
Nxc3 d5 9. exd5 exd5 10. Bd3 O-O 11. O-O d4 12. Ne2 Bg4 13. f3 Bh5 14. Bg5 h6
15. Bh4 Qd6 16. Qd2 Ne5 17. Rad1 Qb6 18. Bxf6 Qxf6 19. Nxd4 Rad8 20. c3 Bg6 21.
Bxg6 Qxg6 22. f4 Nc6 23. f5 Qf6 24. Qf4 Nxd4 25. Rxd4 Rxd4 26. Qxd4 Qxd4+ 27.
cxd4 Rd8 28. Rd1 Rd5 29. g4 Kf8 30. Kf2 Ke7 31. Ke3 Kd6 32. Rc1 Rb5 33. b4 b6
34. Kd3 h5 35. h3 hxg4 36. hxg4 g6 37. Rf1 gxf5 38. gxf5 a5 39. Kc4 Rd5 40. b5
1-0

[Event "Open Semana Santa 2023"]
[Site "?"]
[Date "2023.04.05"]
[Round "1.84"]
[White "Gallardo Munoz, Adrian"]
[Black "Liu, Zhaoqi"]
[Result "0-1"]
[WhiteElo "1703"]
[BlackElo "2301"]
[PlyCount "120"]

1. e4 e6 2. Nf3 d5 3. Nc3 Nf6 4. e5 Nfd7 5. d4 c5 6. dxc5 Nc6 7. Bf4 a6 8. a3
Bxc5 9. Bd3 Be7 10. O-O g5 11. Be3 g4 12. Nd4 Ndxe5 13. Nxc6 Nxc6 14. Bh6 Bg5
15. Bxg5 Qxg5 16. f4 Qg7 17. Kh1 Bd7 18. Qe1 O-O-O 19. b4 g3 20. b5 axb5 21.
Nxb5 gxh2 22. Qf2 d4 23. Rfb1 Be8 24. a4 Rg8 25. Be4 Qg3 26. Qf1 Qe3 27. Bf3
Qg1+ 28. Qxg1 hxg1=Q+ 29. Kxg1 Na5 30. Rb4 Bc6 31. Na7+ Kc7 32. Nxc6 Nxc6 33.
Rc4 d3 34. cxd3 Rxd3 35. Be4 Rd4 36. Rxd4 Nxd4 37. Rc1+ Nc6 38. Bxh7 Rg4 39.
Bd3 Rxf4 40. Rf1 Rxf1+ 41. Kxf1 b6 42. Kf2 Ne5 43. Bb5 Kd6 44. Ke3 Kd5 45. Kf4
f6 46. g4 Nf7 47. Be8 Nd6 48. Bd7 e5+ 49. Kf3 Kd4 50. Ke2 Ne4 51. Bc6 Nc3+ 52.
Kf3 Kd3 53. Kf2 e4 54. Ke1 Ke3 55. Be8 Nd5 56. Bd7 Nf4 57. Be8 Nd3+ 58. Kf1 Kd2
59. Bc6 e3 60. Bf3 Nf4 0-1

[Event "Open Semana Santa 2023"]
[Site "?"]
[Date "2023.04.05"]
[Round "1.85"]
[White "IM Candela Perez, Jose"]
[Black "Pacios Elola, Daniel Antonio"]
[Result "1-0"]
[WhiteElo "2299"]
[BlackElo "1700"]
[PlyCount "77"]

1. d4 d5 2. c4 e6 3. Nc3 a6 4. cxd5 exd5 5. Bf4 Bd6 6. Nxd5 Bxf4 7. Nxf4 Nf6 8.
e3 O-O 9. Rc1 c6 10. Bc4 Ne4 11. Nge2 Nd7 12. O-O Ndf6 13. f3 Nd6 14. Bb3 g5
15. Nd3 Nf5 16. Qd2 h6 17. Ne5 Nd7 18. Ng4 Nf6 19. Nxf6+ Qxf6 20. e4 Ng7 21. f4
Be6 22. fxg5 Qxg5 23. Nf4 Bxb3 24. axb3 Rad8 25. Rc3 Qe5 26. Nd5 Rxd5 27. exd5
Qxd5 28. Qxh6 Qxd4+ 29. Kh1 Rd8 30. Rh3 f5 31. Qh7+ Kf8 32. Rhf3 Rd5 33. h3
Qxb2 34. Qh8+ Ke7 35. Re3+ Kd6 36. Rg3 Qe2 37. Qf8+ Qe7 38. Qxe7+ Kxe7 39.
Rxg7+ 1-0

[Event "Open Semana Santa 2023"]
[Site "?"]
[Date "2023.04.05"]
[Round "1.86"]
[White "Sukhodolskyi, Oleksii"]
[Black "FM Escartin Lacasa, Jose"]
[Result "0-1"]
[WhiteElo "1699"]
[BlackElo "2298"]
[PlyCount "60"]

1. e4 c5 2. Nf3 Nc6 3. d4 cxd4 4. Nxd4 Nf6 5. Nc3 e5 6. Ndb5 d6 7. Bg5 a6 8.
Na3 Be6 9. Nd5 Bxd5 10. exd5 Qa5+ 11. c3 Qxd5 12. Bxf6 Qxd1+ 13. Rxd1 gxf6 14.
Bc4 Rc8 15. Bd5 b5 16. Nc2 f5 17. O-O Bh6 18. a4 bxa4 19. Ra1 Ne7 20. Rfd1 Rb8
21. Nb4 a5 22. Nc6 Rxb2 23. Nxe7 Kxe7 24. Rxa4 Rhb8 25. Rxa5 Rd2 26. Rda1 Rbb2
27. h4 e4 28. Rf1 Be3 29. Kh1 Bb6 30. Ra6 Rxd5 0-1

[Event "Open Semana Santa 2023"]
[Site "?"]
[Date "2023.04.05"]
[Round "1.87"]
[White "FM Ibanez Aullana, Ramon"]
[Black "Stalhandske, Julien"]
[Result "1-0"]
[WhiteElo "2292"]
[BlackElo "1699"]
[PlyCount "57"]

1. d4 Nf6 2. Nf3 g6 3. Nc3 d5 4. Bf4 c5 5. e3 cxd4 6. Nb5 Na6 7. exd4 Bg7 8.
Be2 Qa5+ 9. c3 Bd7 10. a4 O-O 11. O-O Qd8 12. h3 Bxb5 13. axb5 Nc7 14. Re1 Nce8
15. Qb3 Nd6 16. Ra4 Qb6 17. Bd3 e6 18. Qb4 Rfd8 19. Rea1 Bf8 20. Qa5 Qxa5 21.
Rxa5 a6 22. bxa6 bxa6 23. Rxa6 Rxa6 24. Rxa6 Nfe4 25. Ne5 Rb8 26. Nd7 Rd8 27.
Nxf8 Kxf8 28. f3 g5 29. Bh2 1-0

[Event "Open Semana Santa 2023"]
[Site "?"]
[Date "2023.04.05"]
[Round "1.88"]
[White "Groapa, Aurelian"]
[Black "IM Garcia Martin, Marta"]
[Result "0-1"]
[WhiteElo "1692"]
[BlackElo "2291"]
[PlyCount "90"]

1. e4 c5 2. Nf3 Nc6 3. d4 cxd4 4. Nxd4 Nf6 5. Nc3 d6 6. Be2 g6 7. Bf3 Nxd4 8.
Qxd4 Bg7 9. O-O O-O 10. Qd1 a6 11. Be3 Qc7 12. Rb1 Be6 13. Qd2 Rac8 14. Bd4 b5
15. Rfe1 b4 16. Nd5 Bxd5 17. exd5 Qxc2 18. Qe3 Qf5 19. Qe2 Ra8 20. Red1 Rfe8
21. Rbc1 a5 22. Rc7 e5 23. g4 Qg5 24. Be3 Qh4 25. g5 Nh5 26. Bxh5 gxh5 27. Rdc1
e4 28. Kg2 h6 29. gxh6 Be5 30. h3 f5 31. f4 exf3+ 32. Qxf3 f4 33. Bf2 Qg5+ 34.
Kh1 Qxh6 35. Qd3 Kh8 36. Bd4 Bxd4 37. Qxd4+ Re5 38. Rc8+ Rxc8 39. Rxc8+ Kg7 40.
Qa7+ Kf6 41. Rg8 Kf5 42. Qxa5 Re1+ 43. Kh2 Re2+ 44. Kg1 f3 45. Kh1 Re1+ 0-1

[Event "Open Semana Santa 2023"]
[Site "?"]
[Date "2023.04.05"]
[Round "1.89"]
[White "IM Cruz, Filemon"]
[Black "Persson Bogdanovic, Nils Oskar"]
[Result "1-0"]
[WhiteElo "2284"]
[BlackElo "1690"]
[PlyCount "63"]

1. c4 e5 2. d3 Nf6 3. a3 a5 4. Nc3 Nc6 5. e3 d5 6. cxd5 Nxd5 7. Bd2 Be6 8. Nf3
Be7 9. Be2 O-O 10. O-O Qd7 11. Qc2 Rad8 12. Rac1 f5 13. Nxd5 Bxd5 14. e4 Be6
15. Bc3 Bf6 16. b4 axb4 17. axb4 Rf7 18. b5 Nd4 19. Bxd4 exd4 20. e5 Be7 21.
Qxc7 Bb4 22. Qb6 Bc3 23. Bd1 Re7 24. Rb1 Ra8 25. Bb3 Bxb3 26. Rxb3 Qd5 27. Rbb1
Re6 28. Qc7 Rg6 29. Kh1 Re8 30. Rfd1 h6 31. Qc4 Rxe5 32. Nxe5 1-0

[Event "Open Semana Santa 2023"]
[Site "?"]
[Date "2023.04.05"]
[Round "1.90"]
[White "Bernardez Gonzalez, Roberto"]
[Black "Rey Martinez, Jaime"]
[Result "0-1"]
[WhiteElo "1688"]
[BlackElo "2283"]
[PlyCount "48"]

1. c4 e5 2. g3 c6 3. Bg2 d5 4. cxd5 cxd5 5. b3 Nf6 6. Bb2 Nc6 7. Nf3 Bd6 8. O-O
Bf5 9. Nc3 Qd7 10. Nb5 Bb8 11. d4 e4 12. Ne5 Qe6 13. Rc1 a6 14. Nxc6 bxc6 15.
Nc3 h5 16. Qd2 h4 17. e3 Bh3 18. Bh1 Bxf1 19. Rxf1 Ng4 20. Bg2 hxg3 21. Rc1
gxf2+ 22. Kf1 Nxh2+ 23. Kxf2 Qf5+ 24. Kg1 Nf3+ 0-1

[Event "Open Semana Santa 2023"]
[Site "?"]
[Date "2023.04.05"]
[Round "1.91"]
[White "FM Remolar Gallen, Jose"]
[Black "Montano Alvarez, Antonio Jose"]
[Result "1-0"]
[WhiteElo "2283"]
[BlackElo "1685"]
[PlyCount "69"]

1. d4 Nf6 2. c4 e5 3. dxe5 Ng4 4. e3 Nxe5 5. Nf3 Bb4+ 6. Nbd2 Nbc6 7. a3 Bxd2+
8. Bxd2 O-O 9. Bc3 Re8 10. Qc2 d6 11. O-O-O Qe7 12. h4 f6 13. h5 Be6 14. Qe4
Qf7 15. Nxe5 Nxe5 16. Bxe5 dxe5 17. Bd3 f5 18. Qxe5 Bxc4 19. Qxf5 Qxf5 20. Bxf5
Rad8 21. g4 Bb3 22. Bc2 Be6 23. g5 c5 24. Rxd8 Rxd8 25. Rd1 Rxd1+ 26. Bxd1 h6
27. f4 Bf5 28. Bf3 b6 29. Kd2 Kf7 30. e4 Bc8 31. Ke3 Bd7 32. gxh6 gxh6 33. f5
Ba4 34. e5 Bc2 35. Bd5+ 1-0

[Event "Open Semana Santa 2023"]
[Site "?"]
[Date "2023.04.05"]
[Round "1.92"]
[White "Daenen, Serge"]
[Black "FM Castellanos Gomez, Alejandro"]
[Result "0-1"]
[WhiteElo "1682"]
[BlackElo "2277"]
[PlyCount "114"]

1. e4 e6 2. d4 d5 3. Nd2 Nf6 4. e5 Nfd7 5. Ngf3 c5 6. c3 Nc6 7. Be2 f6 8. exf6
Nxf6 9. Nf1 Bd6 10. dxc5 Bxc5 11. Be3 Bd6 12. Nd4 O-O 13. Nxc6 bxc6 14. h3 c5
15. Nh2 Rb8 16. Qc2 Qb6 17. b4 Qc7 18. Bxc5 Bxc5 19. bxc5 Qxc5 20. Bd3 e5 21.
O-O e4 22. Be2 d4 23. Qa4 d3 24. Bg4 Bxg4 25. Nxg4 Nxg4 26. hxg4 Rf4 27. Qd4
Qxd4 28. cxd4 Rb2 29. g3 Rxg4 30. Rfb1 Rxb1+ 31. Rxb1 Rg6 32. Kf1 Rb6 33. Re1
Rc6 34. Rb1 Rc4 35. d5 Rd4 36. Rb8+ Kf7 37. Rb7+ Kf6 38. Ke1 Rxd5 39. Rxa7 Rc5
40. a4 Rc1+ 41. Kd2 Rc2+ 42. Ke1 Re2+ 43. Kf1 Ra2 44. Ke1 h5 45. a5 g6 46. a6
Kf5 47. Rf7+ Ke6 48. Rg7 Kf6 49. Ra7 Kg5 50. Ra8 Kg4 51. a7 Kh3 52. Re8 Rxa7
53. Rxe4 Kg2 54. Rf4 Ra1+ 55. Kd2 Ra2+ 56. Ke3 Re2+ 57. Kxd3 Rxf2 0-1

[Event "Open Semana Santa 2023"]
[Site "?"]
[Date "2023.04.05"]
[Round "1.93"]
[White "CM Ilinca Ilinca, Felix Antonio"]
[Black "Soler Nadal, Jose Antonio"]
[Result "1-0"]
[WhiteElo "2266"]
[BlackElo "1677"]
[PlyCount "39"]

1. Nf3 e6 2. g3 f5 3. Bg2 Nf6 4. O-O d5 5. c4 Bd6 6. d3 c5 7. cxd5 exd5 8. e4
dxe4 9. dxe4 Nxe4 10. Nc3 Be7 11. Qe2 O-O 12. Rd1 Qe8 13. Nxe4 fxe4 14. Qxe4
Bf6 15. Qd5+ Qf7 16. Ng5 Qxd5 17. Bxd5+ Kh8 18. Nf7+ Kg8 19. Nd6+ Kh8 20. Nxc8
1-0

[Event "Open Semana Santa 2023"]
[Site "?"]
[Date "2023.04.05"]
[Round "1.94"]
[White "Mata Medina, Andres"]
[Black "FM Cappelletto, Joshuaede"]
[Result "0-1"]
[WhiteElo "1673"]
[BlackElo "2266"]
[PlyCount "58"]

1. d4 Nf6 2. c4 c5 3. Nf3 cxd4 4. Nxd4 Nc6 5. Nc3 e6 6. a3 Be7 7. e3 O-O 8. Be2
Qc7 9. O-O b6 10. b4 Bb7 11. Bb2 Rac8 12. Ncb5 Qb8 13. Rc1 Rfd8 14. Qb3 Qa8 15.
Nf3 a6 16. Nbd4 d6 17. Rfd1 Rd7 18. Bf1 Nb8 19. Nd2 Rdc7 20. Rc3 Nbd7 21. Rdc1
Nf8 22. f4 Ne4 23. R3c2 Bf6 24. Nxe4 Bxe4 25. Bd3 Ng6 26. Bxe4 Qxe4 27. Kf2
Nxf4 28. Kg1 Nd3 29. Rd1 Nxb2 0-1